Super Bowl Winners(By logo,And Helmet) - Statistics

General Stats
  • This quiz has been taken 36 times
    17 since last reset
  • The average score is 20 of 23
Answer Stats
Question Answer % Correct
Who won the first Super Bowl?
100%
Who won Super Bowl 2
100%
Who won the 3rd Super Bowl?
100%
Who won the 5th Super Bowl
100%
Who won Super Bowl 30
100%
Super Bowl 47?
100%
Super Bowl 48?
100%
Super Bowl 49
100%
Super Bowl 50?
100%
Super Bowl 51?
100%
Super Bowl 52?
100%
Super Bowl 53?
100%
Super Bowl 54?
100%
Super Bowl 55
100%
Super Bowl 56
100%
Super Bowl 57
100%
Who won super bowl 58?
100%
Who won the 4th Super Bowl?
67%
Super Bowl 32?
67%
Super Bowl 33?
67%
Super Bowl 45?
67%
Super Bowl 31?
33%
Super Bowl 46
33%
No matching quizzes found
Score Distribution
Percent of People with Each Score
Percentile by Number Answered
Your Score History
You have not taken this quiz since the last reset